Retailing management

Guardado en:
Detalles Bibliográficos
Autor principal: Markin, Rom J.
Formato: Libro
Lenguaje:inglés
Publicado: New York Macmillan Publishing Company 1977
Edición:2. ed.
Materias:
Etiquetas: Agregar Etiqueta
Sin Etiquetas, Sea el primero en etiquetar este registro!

MARC

LEADER 00000nam a2200000 4500
001 c124684
005 20221123135800.8
020 |a 0-02-376140-7 
041 0 |a eng 
044 |a US 
245 1 0 |a Retailing management  |c Rom J. Markin 
250 |a 2. ed. 
264 1 |a New York  |b Macmillan Publishing Company  |c 1977 
300 |a 565 s. 
610 2 0 |a maloobchod 
610 2 0 |a podnikanie drobné 
610 2 0 |a podnikanie obchodné 
610 2 0 |a manažment 
610 2 0 |a riadenie 
610 2 0 |a riadenie obchodu 
610 2 0 |a propagácia 
610 2 0 |a predajne podnikové 
610 2 0 |a kontrola predaja 
100 1 |a Markin, Rom J.